| 000 | 01021cam a22002651 4500 | ||
|---|---|---|---|
| 001 | gs 50000061 | ||
| 003 | DLC | ||
| 005 | 20260227111356.0 | ||
| 008 | 761116s1949 txu 000 0 eng | ||
| 010 | _ags 50000061 | ||
| 035 | _a(OCoLC)2560600 | ||
| 040 |
_aDLC _cTx _dOCoLC _dDLC |
||
| 042 | _apremarc | ||
| 050 | 0 | 0 |
_aGB1025.T4 _bA5 1949a |
| 082 | _a551.49 | ||
| 110 | 2 | _aTexas Water Commission. | |
| 245 | 1 | 0 |
_aOccurrence and development of ground water in the Linn-Faysville area, Hidalgo County, Texas _c[by C. R. Follett, W. N. White, and Burdge Irelan] Prepared in cooperation between the U. S. Geological Survey, U. S. Bureau of Reclamation, and Texas State Board of Water Engineers. |
| 260 |
_a[Austin?] _c1949. |
||
| 300 |
_a43 l. _bmap. _c28 cm. |
||
| 500 | _aCover title. | ||
| 500 | _aU.S. Geological Survey. Library for Library of Congress. | ||
| 650 | 0 |
_aGroundwater _zTexas _zHidalgo County. |
|
| 650 | 0 |
_aWater-supply _zTexas _zHidalgo County. |
|
| 700 | 1 |
_aFollett, C. R. _q(Clarence R.), _d1904- |
|
| 999 |
_c28441 _d28441 |
||